| 000 | 01223nam a2200373 i 4500 | ||
|---|---|---|---|
| 001 | 9535 | ||
| 003 | KOSZ 005 | ||
| 005 | 20191014120946.0 | ||
| 008 | s1962 pl a f |000 0 pol | ||
| 040 |
_cKOSZ 005 _aKOSZ 005 _dKOSZ 005/EG |
||
| 046 | _k1962 | ||
| 080 | _a621.315.5 | ||
| 080 | _a548 | ||
| 100 | 1 |
_aLawson, William Donald _eAutor |
|
| 245 | 1 | 0 |
_aOtrzymywanie monokryształów / _cW. D. Lawson, S. Nielsen. |
| 246 | 3 | 0 |
_iTyt. oryginału: _aPreparation of single crystals |
| 260 |
_aWarszawa : _bPańst. Wydaw. Naukowe, _c1962. |
||
| 300 |
_a387, [1] s. : _bil. ; _c20 cm. |
||
| 336 |
_2rdacontent _aTekst _btxt |
||
| 337 |
_2rdamedia _aBez urządzenia pośredniczącego _bn |
||
| 338 |
_2rdacarrier _aWolumin _bnc |
||
| 380 | _aKsiążki | ||
| 380 | _aPublikacje fachowe | ||
| 388 | _a1901-2000 | ||
| 388 | _a1945-1989 | ||
| 650 | 7 | _aMonokryształy | |
| 650 | 7 | _aPółprzewodniki | |
| 658 | _aChemia | ||
| 658 | _aInżynieria i technika | ||
| 700 | 1 |
_aNielsen, Stanley _eAutor |
|
| 710 | 2 | _aPaństwowe Wydawnictwo Naukowe | |
| 856 |
_uhttp://koha.tu.koszalin.pl/cgi-bin/koha/opac-detail.pl?biblionumber=9535 _yKatalog online BPK |
||
| 942 |
_cKS _2UKD |
||
| 999 |
_c9535 _d9535 |
||